Open house? Freedom of information and its impact on the UK Parliament (Record no. 102299)

000 -LEADER
fixed length control field 01223pab a2200205 454500
008 - FIXED-LENGTH DATA ELEMENTS--GENERAL INFORMATION
fixed length control field 180718b2012 xxu||||| |||| 00| 0 eng d
100 ## - MAIN ENTRY--PERSONAL NAME
Personal name Hazell, Robert
245 ## - TITLE STATEMENT
Title Open house? Freedom of information and its impact on the UK Parliament
260 ## - PUBLICATION, DISTRIBUTION, ETC.
Date of publication, distribution, etc. 2012
300 ## - PHYSICAL DESCRIPTION
Extent p.901-921.
520 ## - SUMMARY, ETC.
Summary, etc. Not all parliaments are subject to Freedom of Information (FOI), and no one has studied what difference it makes to the working of a parliament. This article evaluates the impact of FOI on the UK Parliament by reference to its main objectives. It finds that FOI has made Westminster slightly more open and accountable; but it has not increased public understanding, participation, or trust. Westminster was already very open and other initiatives have helped increase participation. Trust was badly damaged by the MPs' expenses scandal, triggered by FOI requests. The House of Commons' hesitant response to those requests revealed problems of corporate governance. - Reproduced
650 ## - SUBJECT ADDED ENTRY--TOPICAL TERM
Topical term or geographic name entry element Great Britain. Parliament
650 ## - SUBJECT ADDED ENTRY--TOPICAL TERM
Topical term or geographic name entry element Parliament
650 ## - SUBJECT ADDED ENTRY--TOPICAL TERM
Topical term or geographic name entry element Freedom of information
700 ## - ADDED ENTRY--PERSONAL NAME
Personal name Worthy, Benjamin
700 ## - ADDED ENTRY--PERSONAL NAME
Personal name Bourke, Gabrielle
773 ## - HOST ITEM ENTRY
Main entry heading Public Administration
908 ## - PUT COMMAND PARAMETER (RLIN)
Put command parameter N
909 ## -
-- 102301
Holdings
Withdrawn status Lost status Damaged status Not for loan Permanent Location Current Location Date acquired Serial Enumeration / chronology Barcode Date last seen Price effective from Koha item type
        Indian Institute of Public Administration Indian Institute of Public Administration 2018-07-19 Volume no: 90, Issue no: 4 AR102761 2018-07-19 2018-07-19 Articles

Powered by Koha